| 000 | 01083cam a2200277 4500 | ||
|---|---|---|---|
| 001 | agr68000216 | ||
| 003 | DLC | ||
| 005 | 20260227111030.0 | ||
| 008 | 690820s1968 dcua b 000 0 eng c | ||
| 010 | _aagr68000216 | ||
| 040 |
_aU.S. Nat'l Agr. Libr. _cDLC _dDLC |
||
| 050 | 0 | 0 |
_aHD1765 1968 _b.K78 |
| 070 | 0 | _aA281.9 Ag83 no. 224 | |
| 082 | 0 | 0 | _a382/.41/0973 |
| 100 | 1 | _aKruer, George R. | |
| 245 | 1 | 0 |
_aU.S. agriculture and the balance of payments, 1960-67 _c[by George R. Kruer. |
| 260 |
_aWashington] _bEconomic Research Service, U.S. Dept. of Agriculture _c[1968] |
||
| 300 |
_a15 p. _billus. _c26 cm. |
||
| 490 | 1 |
_a[United States. Dept. of Agriculture. Economic Research Service] ERS-foreign _v224 |
|
| 504 | _aBibliographical footnotes. | ||
| 650 | 0 |
_aAgriculture _xEconomic aspects _zUnited States. |
|
| 650 | 0 |
_aBalance of payments _zUnited States. |
|
| 650 | 3 |
_aAgriculture _xEconomic aspects _zUnited States. |
|
| 650 | 3 |
_aBalance of payments _zUnited States. |
|
| 810 | 1 | 0 |
_a[United States. _bDepartment of Agriculture. _bEconomic Research Service] _tERS-foreign _v224. |
| 999 |
_c12519 _d12519 |
||